[Event "Titled Tuesday intern op 11th Mar Late"]
[Site "Chess.com INT"]
[Date "2025.03.11"]
[Round "11"]
[White "Sindarov, Javokhir"]
[Black "Naroditsky, Daniel"]
[Result "1-0"]
[WhiteElo "2707"]
[BlackElo "2619"]
[PlyCount "89"]
[EventDate "2025.03.11"]
[EventType "swiss (blitz)"]
[EventRounds "11"]
[EventCountry "USA"]
[SourceTitle "CB12_2025"]
[SourceDate "2025.03.19"]
[SourceVersion "1"]
[SourceVersionDate "2025.03.19"]
[SourceQuality "1"]

1. e4 c5 2. Nf3 g6 3. d4 cxd4 4. Nxd4 Bg7 5. Nc3 Nc6 6. Be3 Nf6 7. Nxc6 bxc6 8. e5 Ng8 9. Bd4 Nh6 10. e6 f6 11. exd7+ Bxd7 12. Bc4 Nf7 13. Qe2 0-0 14. 0-0-0 Kh8 15. Bc5 Nd6 16. Bxd6 exd6 17. Rxd6 f5 18. Rhd1 Qg5+ 19. Qd2 Qh4 20. f4 Be8 21. g3 Qe7 22. Bb3 c5 23. Re6 Qc7 24. Qd6 Qa5 25. Re7 Qb6 26. Qc7 Qxc7 27. Rxc7 Bd4 28. Re1 Bf6 29. Rxc5 g5 30. Nd5 Bd4 31. Rc4 Bg7 32. Nc7 Bf7 33. Nxa8 Bxc4 34. Bxc4 Rxa8 35. fxg5 Rb8 36. c3 Bf8 37. Bd3 Rd8 38. Bxf5 Kg7 39. Rd1 Re8 40. Rd7+ Be7 41. h4 h6 42. Bg4 Kf8 43. gxh6 Rb8 44. h7 Bf6 45. Bh5 1-0

[Event "Titled Tuesday intern op 04th Mar Early"]
[Site "Chess.com INT"]
[Date "2025.03.04"]
[Round "4"]
[White "Dvirnyy, Danyyil"]
[Black "Naroditsky, Daniel"]
[Result "0-1"]
[WhiteElo "2479"]
[BlackElo "2619"]
[PlyCount "78"]
[EventDate "2025.03.04"]
[EventType "swiss (blitz)"]
[EventRounds "11"]
[EventCountry "USA"]
[SourceTitle "CB11_2025"]
[SourceDate "2025.03.12"]
[SourceVersion "1"]
[SourceVersionDate "2025.03.12"]
[SourceQuality "1"]

1. e4 c5 2. Nf3 g6 3. d4 cxd4 4. Nxd4 Bg7 5. Nc3 Nc6 6. Be3 Nf6 7. Bc4 0-0 8. Bb3 d5 9. exd5 Na5 10. Qf3 Bg4 11. Qg3 Nxb3 12. Nxb3 Bh5 13. d6 exd6 14. 0-0 Rc8 15. Bd4 Qd7 16. Rfe1 Rfe8 17. h3 h6 18. Bxa7 g5 19. Bd4 Re6 20. Qd3 Bg6 21. Qf3 Rce8 22. Rxe6 Rxe6 23. Be3 Ne4 24. Nd4 Re8 25. Nd5 f5 26. Rd1 f4 27. Bc1 Qf7 28. Qb3 Nc5 29. Qc4 Re4 30. b4 b5 31. Qxb5 Qxd5 32. c4 Rxd4 33. cxd5 Rxd1+ 34. Kh2 Nd3 35. Qb8+ Kh7 36. Qa7 Rxc1 37. b5 Rb1 38. a4 h5 39. h4 g4 0-1

[Event "Titled Tuesday intern op 04th Mar Early"]
[Site "Chess.com INT"]
[Date "2025.03.04"]
[Round "6"]
[White "Firouzja, Alireza"]
[Black "Naroditsky, Daniel"]
[Result "1-0"]
[WhiteElo "2757"]
[BlackElo "2619"]
[PlyCount "107"]
[EventDate "2025.03.04"]
[EventType "swiss (blitz)"]
[EventRounds "11"]
[EventCountry "USA"]
[SourceTitle "CB11_2025"]
[SourceDate "2025.03.12"]
[SourceVersion "1"]
[SourceVersionDate "2025.03.12"]
[SourceQuality "1"]

1. d4 Nf6 2. c4 g6 3. Nc3 Bg7 4. e4 d6 5. h3 0-0 6. Be3 c6 7. Nf3 Na6 8. Bd3 e5 9. d5 Ne8 10. a3 f5 11. b4 Nf6 12. Rc1 Nc7 13. Bb1 cxd5 14. cxd5 Bd7 15. 0-0 f4 16. Bd2 h6 17. Re1 g5 18. Bd3 Nh7 19. Nh2 h5 20. Be2 Nf6 21. Bxh5 Nxh5 22. Qxh5 g4 23. hxg4 Be8 24. Qh3 Rf6 25. g5 Rg6 26. Nf3 Bd7 27. Qh5 Be8 28. Qh1 Bd7 29. g3 Bg4 30. gxf4 exf4 31. Bxf4 Qd7 32. Nh4 Bh5 33. Nf5 Bg4 34. Ne2 Bxf5 35. exf5 Qxf5 36. Rxc7 Re8 37. Qh5 Re4 38. Kf1 Rh6 39. Rc8+ Kh7 40. g6+ Qxg6 41. Qxg6+ Rxg6 42. Be3 Rh4 43. Ng3 Rh2 44. Rc7 Kg8 45. Nf5 Bf6 46. Ne7+ Bxe7 47. Rxe7 a5 48. Rc1 Rf6 49. Rc8+ Rf8 50. Rxf8+ Kxf8 51. Rxb7 axb4 52. axb4 Rh4 53. b5 Rh7 54. Rxh7 1-0